Quizzes
Events
Quiz Creation
Community
Videos
Private Events
Remove Ads
Sign In
Join for FREE
Feedback
Dark Mode
Quiz Categories
Sports
Geography
Music
Movies
Television
Just For Fun
Miscellaneous
History
Literature
Language
Science
Gaming
Entertainment
Religion
Holiday
For Kids
Quiz Lab
Recent
Popular Today
Quiz Kudos Today
Editor Picks
Curator Picks
Quizzes by...
Day
Popularity
Type
Ratings
Length
Year
Community
Subscriptions
Recent Discussions
Orange Saloon
Badges
Playlists
Quests
Create
Leaderboards
Showdown
Live 5
Trivia Bingo
Activity
Puzzle Library
Sporcle Events
Private Events
Virtual Trivia
Globe League
Become a Host
Pub Owners
SporcleCon
Opinionation
Our Games
Videos
Blog
Mobile Apps
Partnerships
Remove Ads and Go Orange
Feedback
Just For Fun
Clickable
Get the Picture
Humor
Quick Pick
Word Ladder
Missing Word
Mixed Word
Blitz
Minefield
This or That
Alphabet
Color
Typing
Sporcle
Puzzle
Word Play
Follow That Line
Logic
Just For Fun
Clickable
Get the Picture
Humor
Quick Pick
Word Ladder
Missing Word
Mixed Word
Blitz
Minefield
This or That
Alphabet
Color
Typing
Sporcle
Puzzle
Word Play
Follow That Line
Logic
Random Quiz
Search Sporcle
×
Quiz Lab
Quiz Lab
Just For Fun
Pop Music
Type in answers that appear in a list
Type in answers that appear in a list
Classic
Best Score? Go Orange.
Types of Pop Stats
Can you name the Types of Pop?
By
jh97
12m
48 Questions
42 Plays
42 Plays
42 Plays
Comments
Comments
Give Quiz Kudos
Give Quiz Kudos
-
- Ratings
hide this ad
More Info
Replay
Link that replays current quiz
Next Quiz
Link to next quiz in quiz playlist
You Got
0%
They Got
Avg Score
11%
Avg Friend Score
Upgrade to see
Score Distribution
Jump to the score distribution portion of the page
Score
0/48
Timer
12:00
0
Plays Today
Pop Products from
Answer
% Correct
Mug Products
Pepsi
97.6%
Mountian Dew Products
Mountain Dew
78.6%
Sierra Mist Products
Sierra Mist
57.1%
Pepsi Products
Diet Pepsi
50%
Mountian Dew Products
Diet Mountain Dew
33.3%
Sierra Mist Products
Diet Sierra Mist
28.6%
Mountian Dew Products
Mountain Dew Code Red
23.8%
Mug Products
Mug Root Beer
21.4%
Pepsi Products
Caffeine Free Pepsi
14.3%
Pepsi Products
Pepsi Max
14.3%
Mug Products
Diet Mug Root Beer
11.9%
Manzanita Sol Product (Look at the name)
Manzanita Sol
9.5%
Mountian Dew Products
Mountain Dew Voltage
9.5%
Mug Products
Mug Cream Soda
9.5%
Pepsi Products
Pepsi One
9.5%
Pepsi Products
Caffeine Free Diet Pepsi
9.5%
Mountian Dew Products
Mountain Dew White Out
7.1%
Pepsi Products
Pepsi Wild Cherry
7.1%
Mountian Dew Products
Mountain Dew Live Wire
4.8%
Pepsi Products
Diet Pepsi Lime
4.8%
Pepsi Products
Diet Pepsi Vanilla
4.8%
Pepsi Products
Diet Pepsi Wild Cherry
4.8%
Sierra Mist Products
Sierra Mist Cranberry Splash
4.8%
Sierra Mist Products
Diet Sierra Mist Cranberry Splash
4.8%
Pop Products from
Answer
% Correct
Slice Products
Slice - Orange
4.8%
KAS MAS Product (K_
_
M_
_
)
Kas Mas
2.4%
Mountian Dew Products
Caffeine Free Mountain Dew
2.4%
Mountian Dew Products
Mountain Dew Distortion
2.4%
Mountian Dew Products
Mountain Dew Typhoon
2.4%
Mountian Dew Products
Caffeine Free Diet Mountain Dew
2.4%
Mountian Dew Products
Diet Mountain Dew Code Red
2.4%
Mug Products
Diet Mug Cream Soda
2.4%
Pepsi Products
Pepsi Natural
2.4%
Slice Products
Slice - Grape
2.4%
Slice Products
Slice - Strawberry
2.4%
Festa Mirinda Product (M)
Festa Mirinda Mango
0%
Festa Mirinda Product (P)
Festa Mirinda Pina
0%
Mirinda Product ( M_
_
_
_
-
O_
_
_
_
_
Mirinda - Orange
0%
Pepsi Products
Pepsi Cherry Vanilla
0%
Pepsi Products
Pepsi Max Cease Fire
0%
Pepsi Products
Diet Pepsi Cherry Vanilla
0%
Sierra Mist Products
Diet Sierra Mist Ruby Splash
0%
Slice Products
Slice - Diet Orange
0%
Slice Products
Slice - Peach
0%
Tropicana Twister Soda
Tropicana Twister Soda - Diet Orange
0%
Tropicana Twister Soda
Tropicana Twister Soda - Grape
0%
Tropicana Twister Soda
Tropicana Twister Soda - Orange
0%
Tropicana Twister Soda
Tropicana Twister Soda - Strawberry
0%
Quiz Playlist
Details
Report
Send in Message
Add To Playlist
More Info:
Want to find the pops from the USA? Tkae this test to find them all!
Classic:
Type in answers that appear in a list
Quiz Source
Last Updated: Feb 16, 2017
Quiz Scoreboard
CHALLENGE
Sign Up to Join the Scoreboard
Show All
Scores
Hide
Comments
May contain spoilers
Recently Published
College Basketball Coaching Resumes
by pancakes188
Sports
9m
Billboard Blitz: Fleetwood Mac
by CooCooCachoo
Music
15s
Presidents Visiting Landmarks
by Hejman
History
7m
More to Explore
Quiz From the Vault
Featured Blog Post
Where Did the Easter Bunny Come From?
hide this ad
You Might Also Like...
Tags
Pop Music Quiz
pepsi
product
Today's Top Quizzes in Just For Fun
Browse Just For Fun
hide this ad
Today's Top Quizzes in Pop Music
Browse Pop Music
Top Contributed Quizzes in Just For Fun
1
Killer Double Trees 224 - Colour Match-Up
2
Spring Typing Challenge
3
Crossword Whiteout! 49
4
Zeroing In: Just For Fun
5
Survivor Winners Logic Puzzle
6
Harry Potter Logic - 'In Chains' II
7
Word Ladder: Ahoy Matey
8
Kyle's 122nd Triple Trees
9
Word Ladder: Wilderness Weapon
10
Name Just One - 10 to 1: Just For Fun
Explore More
Trending Topics
Disney
Harry Potter
NBA
Crossword
Anime
Kpop
Marvel
Country
Song
Puzzle
Pokémon
WWE
Soccer
The Office
NFL
hide this ad
More By:
jh97
Quiz
Plays
Rating
Category
Featured
Created
Types of Pop
42
Just For Fun
May 27, 2010
Go to Creator's Profile
Score Distribution
Quiz Creator Spotlight
jh97
Follow
Send a Message
Quizzes Created
-
Created Quiz Play Count
-
More By This Creator
Popular Quizzes Today
1
Find the US States - No Outlines Minefield
2
Find the Countries of Europe - No Outlines Minefield
3
The Countries of the World
4
Find the US States
5
Risky Map Clicking: Biggest States A-Z
6
US States
7
Popular People in 1961
8
Movies - When Are They Set?
More Just For Fun Quizzes
Quick Pick: Papal Birth Countries
Published
Trending Quizzes
Risky Map Clicking: Least Populous States A-Z
1-10 Letter G Words
1-10 Letter F Words
Risky Map Clicking: Next State Alphabetically
Risky Map Clicking: Biggest States A-Z
Recently Updated
Leaping Animals
pecheneg
Reality TV Shows (A-Z)
bhenderson79
Rickey Henderson's Hall of Fame Teammates
pecheneg
Champions League XIs: Arsenal
pecheneg
Quick Pick: Celebrities in WWE's Hall of Fame
aduchscher
A-Z Keypad Blitz II
pecheneg
Multiple Oscar Actors
pecheneg
Mystery Phrase Blitz: Oscar 'Best Actors'
pecheneg
F. Scott Fitzgerald Novels
LTH
Pick 3 Villains
ddd62291
Trending Topics
Marvel
Anime
NBA
Kpop
Harry Potter
Crossword
Disney
WWE
The Office
Soccer
Puzzle
Song
Pokémon
Country
NFL
Your Account Isn't Verified!
In order to create a playlist on Sporcle, you need to verify the email address you used during registration. Go to your
Sporcle Settings
to finish the process.
Report this User
Report this user for behavior that violates our
Community Guidelines
.
Details:
Send Report
Go to the Sporcle.com Mobile Site →
Comments